[Event "4NCL/Div2b/CHED vs. FCA1"]
[Site "Hinckley Island ENG"]
[Date "2010.01.16"]
[Round "3.8"]
[White "Evans, Helen I"]
[Black "Whitfield, Craig M"]
[Result "0-1"]
[WhiteElo "1626"]
[BlackElo "1952"]
[PlyCount "58"]
[EventDate "2010.01.16"]
[EventRounds "11"]
[EventCountry "ENG"]
[SourceDate "2009.10.24"]

1. e4 c5 2. Nc3 Nc6 3. f4 g6 4. Nf3 Bg7 5. Bb5 Nd4 6. O-O a6 7. Bc4 e6 8. a4
Ne7 9. d3 O-O 10. Nxd4 cxd4 11. Ne2 d5 12. exd5 Nxd5 13. Bxd5 Qxd5 14. Ng3 Bd7
15. Qf3 Qc5 16. Rf2 Bc6 17. Qe2 Bd5 18. Ne4 Qc6 19. b3 Rfc8 20. Bb2 b5 21. a5
Ra7 22. Rc1 Rac7 23. b4 Bxe4 24. Qxe4 Qxe4 25. dxe4 d3 26. Bxg7 Kxg7 27. Rd2
dxc2 28. Rd4 Rc4 29. Rd6 Rxb4 0-1

[Event "4NCL/Div2b/E2E41 vs. GUI3"]
[Site "Hinckley Island ENG"]
[Date "2010.01.16"]
[Round "3.1"]
[White "Sugden, John N"]
[Black "Shepley, Julien M"]
[Result "1/2-1/2"]
[WhiteElo "2235"]
[BlackElo "2022"]
[PlyCount "55"]
[EventDate "2010.01.16"]
[EventRounds "11"]
[EventCountry "ENG"]
[SourceDate "2009.10.24"]

1. e4 d6 2. d4 Nf6 3. f3 e5 4. d5 c6 5. c4 Be7 6. Be3 a5 7. Qd2 Na6 8. Nc3 Nd7
9. Nge2 Ndc5 10. Ng3 g6 11. Be2 h5 12. O-O h4 13. Nh1 f5 14. exf5 gxf5 15. f4
e4 16. Nf2 Bd7 17. Bd4 Rh6 18. Nh3 Bf6 19. Ng5 Bxd4+ 20. Qxd4 Qf6 21. Qxf6 Rxf6
22. Rab1 Ke7 23. b3 Nc7 24. Rfd1 Rg6 25. a3 Bc8 26. Kf2 Bd7 27. Ke3 Bc8 28. Bh5
1/2-1/2

[Event "4NCL/Div2b/E2E41 vs. GUI3"]
[Site "Hinckley Island ENG"]
[Date "2010.01.16"]
[Round "3.2"]
[White "Eckloff, Colin"]
[Black "Hulmes, David I"]
[Result "0-1"]
[WhiteElo "2100"]
[BlackElo "2227"]
[PlyCount "58"]
[EventDate "2010.01.16"]
[EventRounds "11"]
[EventCountry "ENG"]
[SourceDate "2009.10.24"]

1. d4 d5 2. c4 e6 3. Nc3 Be7 4. cxd5 exd5 5. f3 Bf6 6. Bf4 c6 7. e3 Ne7 8. Bd3
Ng6 9. Bxg6 hxg6 10. Nge2 Na6 11. e4 Be6 12. Qd2 Rc8 13. a3 Nc7 14. b4 Be7 15.
Rb1 O-O 16. O-O Ne8 17. Kh1 Nd6 18. Bxd6 Bxd6 19. e5 Be7 20. Nd1 b6 21. Ne3 Qd7
22. f4 c5 23. bxc5 bxc5 24. dxc5 Bxc5 25. a4 d4 26. Rfd1 Rfd8 27. Nf1 Qxa4 28.
Nfg3 Qc6 29. h3 Bxh3 0-1

[Event "4NCL/Div2b/E2E41 vs. GUI3"]
[Site "Hinckley Island ENG"]
[Date "2010.01.16"]
[Round "3.3"]
[White "Byron, Alan M"]
[Black "Roset, Christophe"]
[Result "1/2-1/2"]
[WhiteElo "2192"]
[BlackElo "2056"]
[PlyCount "88"]
[EventDate "2010.01.16"]
[EventRounds "11"]
[EventCountry "ENG"]
[SourceDate "2009.10.24"]

1. d4 Nf6 2. c4 e5 3. dxe5 Ng4 4. Bf4 Nc6 5. Nf3 Bb4+ 6. Nbd2 Qe7 7. e3 Ngxe5
8. Nxe5 Nxe5 9. Be2 O-O 10. O-O a5 11. Nb3 a4 12. a3 Bd6 13. Nd4 Bc5 14. Nb5 d6
15. Nc3 Bd7 16. Nd5 Qd8 17. Qc2 Ng6 18. Bg3 Ne7 19. Bh4 f6 20. Bd3 g5 21. Bg3
f5 22. Nc3 Bc6 23. Rae1 Qd7 24. f4 Ng6 25. Kh1 Rae8 26. fxg5 Rxe3 27. Rxe3 Bxe3
28. Rxf5 Rxf5 29. Bxf5 Qf7 30. Ne4 Bxe4 31. Qxe4 Kf8 32. h4 Bb6 33. Qf3 Ne5 34.
Bxe5 dxe5 35. g4 Qxc4 36. Bxh7+ Kg7 37. Bd3 Qc1+ 38. Bf1 Qe3 39. Qf6+ Kg8 40.
Qg6+ Kf8 41. Qf5+ Kg8 42. Qc8+ Kg7 43. Qd7+ Kf8 44. Qd8+ Kg7 1/2-1/2

[Event "4NCL/Div2b/E2E41 vs. GUI3"]
[Site "Hinckley Island ENG"]
[Date "2010.01.16"]
[Round "3.4"]
[White "Higgs, Anthony RJ"]
[Black "Mansson, James C"]
[Result "1/2-1/2"]
[WhiteElo "1967"]
[BlackElo "2142"]
[PlyCount "142"]
[EventDate "2010.01.16"]
[EventRounds "11"]
[EventCountry "ENG"]
[SourceDate "2009.10.24"]

1. d4 d5 2. c4 c6 3. e3 Nf6 4. Nc3 e6 5. Nf3 Nbd7 6. Be2 Bd6 7. O-O O-O 8. b3
b6 9. Bb2 Bb7 10. Qc2 c5 11. Rac1 Rc8 12. Nb5 Bb8 13. dxc5 bxc5 14. cxd5 exd5
15. Qf5 a6 16. Nc3 Qc7 17. Qh3 Qd6 18. Rfd1 Rfe8 19. Ba3 Qe6 20. Qxe6 fxe6 21.
Na4 Ba7 22. h3 e5 23. Bf1 Ne4 24. Nd2 Nd6 25. Nc4 Nb5 26. Bb2 Bc6 27. Na5 Ba8
28. Nc4 Re7 29. Na3 Bc6 30. Nc3 Nxc3 31. Bxc3 Bb7 32. Bb2 Rf8 33. Nb1 Ref7 34.
Rd2 Kh8 35. Nc3 d4 36. Nd1 Bb6 37. Bc4 Rf6 38. Ba3 Rg6 39. g3 Rh6 40. Bf1 Rf7
41. b4 cxb4 42. Bxb4 g5 43. Bg2 Bxg2 44. Kxg2 Rhf6 45. Rc8+ Kg7 46. Re8 Rc6 47.
exd4 exd4 48. Re7 Rxe7 49. Bxe7 h6 50. Nb2 Kf7 51. Ba3 Ke6 52. Nd3 a5 53. f4
gxf4 54. Nxf4+ Kf7 55. Ne2 Ne5 56. Nxd4 Bxd4 57. Rxd4 Rc2+ 58. Kf1 Rxa2 59. Bd6
Ke6 60. Bf8 h5 61. Bh6 a4 62. Bf4 Nf3 63. Rd6+ Kf5 64. Rd5+ Ke4 65. Rxh5 Ra1+
66. Ke2 Re1+ 67. Kf2 Rb1 68. Ra5 Rb2+ 69. Kf1 Nh2+ 70. Ke1 Ra2 71. Kd1 Kd3
1/2-1/2

[Event "4NCL/Div2b/E2E41 vs. GUI3"]
[Site "Hinckley Island ENG"]
[Date "2010.01.16"]
[Round "3.5"]
[White "Talbot, Andrew R"]
[Black "Bryant, Richard BE"]
[Result "1-0"]
[WhiteElo "2161"]
[BlackElo "1945"]
[PlyCount "75"]
[EventDate "2010.01.16"]
[EventRounds "11"]
[EventCountry "ENG"]
[SourceDate "2009.10.24"]

1. d4 d5 2. c4 e6 3. Nc3 c6 4. Nf3 dxc4 5. a4 Bb4 6. e3 b5 7. Bd2 a5 8. axb5
Bxc3 9. Bxc3 cxb5 10. b3 Bb7 11. bxc4 b4 12. Bb2 Nf6 13. Bd3 Nbd7 14. O-O O-O
15. Nd2 Bc6 16. Bc2 Qc7 17. Re1 Rfb8 18. c5 b3 19. Bd3 Nd5 20. Nc4 a4 21. Nd6
Nf8 22. e4 Nb4 23. Bb1 Bd7 24. Nc4 Bb5 25. Nb6 Ra6 26. Qd2 Nc6 27. d5 Ne5 28.
Qb4 Raxb6 29. cxb6 Rxb6 30. d6 Qc4 31. Rxa4 Qc6 32. Ra3 Bc4 33. Qc3 f6 34. Rd1
Qb5 35. Ra5 Qb4 36. Qxb4 Rxb4 37. Bxe5 fxe5 38. d7 1-0

[Event "4NCL/Div2b/E2E41 vs. GUI3"]
[Site "Hinckley Island ENG"]
[Date "2010.01.16"]
[Round "3.6"]
[White "Shaw, Matthew H"]
[Black "Kennedy, Craig"]
[Result "0-1"]
[WhiteElo "1956"]
[BlackElo "2036"]
[PlyCount "58"]
[EventDate "2010.01.16"]
[EventRounds "11"]
[EventCountry "ENG"]
[SourceDate "2009.10.24"]

1. e4 e6 2. d4 d5 3. Nd2 Nf6 4. e5 Nfd7 5. Bd3 c5 6. c3 Nc6 7. Ne2 cxd4 8. cxd4
f6 9. exf6 Nxf6 10. Nf3 Bd6 11. O-O O-O 12. Re1 a6 13. Bf4 Nh5 14. Bxd6 Qxd6
15. a3 Bd7 16. Qc2 h6 17. Nh4 Be8 18. Rad1 Nf4 19. Nxf4 Qxf4 20. Nf3 Bh5 21.
Bf1 Bxf3 22. gxf3 Nxd4 23. Rxd4 Qxd4 24. Rxe6 Rxf3 25. Bg2 Rd3 26. Re1 Rd2 27.
Qf5 Rf8 28. Qe6+ Kh8 29. Qe3 Qxe3 0-1

[Event "4NCL/Div2b/E2E41 vs. GUI3"]
[Site "Hinckley Island ENG"]
[Date "2010.01.16"]
[Round "3.7"]
[White "Norinkeviciute, Rasa"]
[Black "Gibbs, Daniel C"]
[Result "1-0"]
[WhiteElo "2027"]
[BlackElo "1869"]
[PlyCount "55"]
[EventDate "2010.01.16"]
[EventRounds "11"]
[EventCountry "ENG"]
[SourceDate "2009.10.24"]

1. c4 e5 2. g3 Nc6 3. Bg2 f5 4. d3 Nf6 5. Nc3 Bb4 6. Bd2 O-O 7. e3 d6 8. Nge2
Be6 9. Nd5 Bxd2+ 10. Qxd2 Bxd5 11. cxd5 Ne7 12. Nc3 c6 13. dxc6 bxc6 14. O-O d5
15. d4 Ng6 16. dxe5 Nxe5 17. Na4 Ne4 18. Qd4 Qd6 19. Rac1 Rab8 20. b3 Rb4 21.
Qxa7 Rf7 22. Qa6 Qb8 23. Qe2 Ra7 24. f4 Raxa4 25. fxe5 Ra5 26. Rxc6 Qxe5 27.
Rc8+ Kf7 28. Qh5+ 1-0

[Event "4NCL/Div2b/WWKS1 vs. BRI1"]
[Site "Hinckley Island ENG"]
[Date "2010.01.17"]
[Round "4.1"]
[White "Thomas, Nicholas"]
[Black "Sherwin, James T"]
[Result "1/2-1/2"]
[WhiteElo "2291"]
[BlackElo "2235"]
[PlyCount "55"]
[EventDate "2010.01.17"]
[EventRounds "11"]
[EventCountry "ENG"]
[SourceDate "2009.10.24"]

1. e4 e5 2. Nf3 Nc6 3. d4 exd4 4. Bc4 Nf6 5. O-O Nxe4 6. Re1 d5 7. Bxd5 Qxd5 8.
Nc3 Qf5 9. Nxe4 Be6 10. Bg5 Bc5 11. Nh4 Qd5 12. c4 Qe5 13. Nf6+ gxf6 14. Rxe5
fxe5 15. Bf6 Rg8 16. Qh5 Be7 17. Qxh7 O-O-O 18. Bxe7 Nxe7 19. Nf3 Ng6 20. Qh6
Bxc4 21. Re1 Bd5 22. Nxe5 Nxe5 23. Rxe5 Rxg2+ 24. Kf1 Rg6 25. Qf4 d3 26. Re7
Bg2+ 27. Kg1 Bh3+ 28. Kh1 1/2-1/2

[Event "4NCL/Div2b/WWKS1 vs. BRI1"]
[Site "Hinckley Island ENG"]
[Date "2010.01.17"]
[Round "4.2"]
[White "Rudd, Jack"]
[Black "Mason, Donald J"]
[Result "1-0"]
[WhiteElo "2296"]
[BlackElo "2255"]
[PlyCount "61"]
[EventDate "2010.01.17"]
[EventRounds "11"]
[EventCountry "ENG"]
[SourceDate "2009.10.24"]

1. e4 c5 2. Nf3 Nc6 3. d4 cxd4 4. Nxd4 Nf6 5. Nc3 e5 6. Ndb5 d6 7. Bg5 a6 8.
Na3 b5 9. Nd5 Be7 10. Bxf6 Bxf6 11. c3 Ne7 12. Nxf6+ gxf6 13. Qf3 f5 14. exf5
Bxf5 15. O-O-O d5 16. Nc2 Qb6 17. Ne3 Qh6 18. Qg3 f6 19. Bd3 Rg8 20. Bxf5 Rxg3
21. hxg3 Qg5 22. Be6 h6 23. Rh4 a5 24. Rg4 Qh5 25. Rg7 Ra6 26. Bg4 Qh2 27. Be2
d4 28. cxd4 Rc6+ 29. Kb1 exd4 30. Rxd4 Qg1+ 31. Rd1 1-0

[Event "4NCL/Div2b/WWKS1 vs. BRI1"]
[Site "Hinckley Island ENG"]
[Date "2010.01.17"]
[Round "4.3"]
[White "Pitcher, John"]
[Black "Buckley, David E"]
[Result "1/2-1/2"]
[WhiteElo "2193"]
[BlackElo "2274"]
[PlyCount "79"]
[EventDate "2010.01.17"]
[EventRounds "11"]
[EventCountry "ENG"]
[SourceDate "2009.10.24"]

1. e4 Nf6 2. e5 Nd5 3. c4 Nb6 4. d4 d6 5. exd6 cxd6 6. Nc3 g6 7. Be3 Bg7 8. Rc1
O-O 9. b3 e5 10. dxe5 dxe5 11. Qxd8 Rxd8 12. c5 N6d7 13. Nf3 Nc6 14. Bc4 Na5
15. Be2 b6 16. cxb6 Nxb6 17. O-O Bb7 18. Rfd1 Nc6 19. Nb5 Nd5 20. Rxd5 Rxd5 21.
Nc7 Rdd8 22. Nxa8 Bxa8 23. Bc5 Bf8 24. Bxf8 Kxf8 25. Bb5 Nd4 26. Nxd4 exd4 27.
Bd3 Ke7 28. Rc7+ Rd7 29. Rxd7+ Kxd7 30. b4 Kd6 31. Kf1 Bc6 32. f3 Ba4 33. Bc4
f6 34. Ke2 g5 35. Kd3 Ke5 36. Ba6 Be8 37. Kd2 Kd5 38. Bd3 h6 39. g3 Ba4 40. a3
1/2-1/2

[Event "4NCL/Div2b/WWKS1 vs. BRI1"]
[Site "Hinckley Island ENG"]
[Date "2010.01.17"]
[Round "4.4"]
[White "Beaumont, Chris R"]
[Black "James, Russell A"]
[Result "1/2-1/2"]
[WhiteElo "2306"]
[BlackElo "2226"]
[PlyCount "66"]
[EventDate "2010.01.17"]
[EventRounds "11"]
[EventCountry "ENG"]
[SourceDate "2009.10.24"]

1. Nf3 d5 2. d4 Nf6 3. c4 e6 4. g3 c5 5. cxd5 exd5 6. Bg2 Nc6 7. O-O Be7 8. Nc3
O-O 9. dxc5 Bxc5 10. Na4 Be7 11. Be3 Re8 12. Rc1 Ne4 13. Nd4 Nxd4 14. Bxd4 Be6
15. Nc5 Nxc5 16. Bxc5 Bxc5 17. Rxc5 Qe7 18. Qd4 b6 19. Rc3 Rac8 20. Rfc1 Rc4
21. Qd3 g6 22. e3 Rd8 23. h3 Rxc3 24. Rxc3 Bf5 25. Qd4 Be4 26. Bf1 Bf3 27. Qf4
Be4 28. h4 Kg7 29. Bh3 Qd6 30. Rc7 Qxf4 31. gxf4 a5 32. Be6 Rd6 33. Bxf7 Kf8
1/2-1/2

[Event "4NCL/Div2b/WWKS1 vs. BRI1"]
[Site "Hinckley Island ENG"]
[Date "2010.01.17"]
[Round "4.5"]
[White "Hynes, AM (Tony)"]
[Black "Dilleigh, Stephen P"]
[Result "1/2-1/2"]
[WhiteElo "2223"]
[BlackElo "2120"]
[PlyCount "93"]
[EventDate "2010.01.17"]
[EventRounds "11"]
[EventCountry "ENG"]
[SourceDate "2009.10.24"]

1. e4 e6 2. d4 d5 3. Nc3 Nf6 4. Bg5 dxe4 5. Nxe4 Be7 6. Bxf6 Bxf6 7. Nf3 O-O 8.
Qd2 Nd7 9. O-O-O Be7 10. Bd3 b6 11. c3 Bb7 12. Qc2 h6 13. Qe2 Nf6 14. Nxf6+
Bxf6 15. Bc2 Qd6 16. Kb1 c5 17. Qd3 g6 18. Qe3 Bxf3 19. Qxf3 Bg7 20. dxc5 Qxc5
21. Rd7 b5 22. Rxf7 Rab8 23. Rxf8+ Rxf8 24. Qg4 Qe5 25. Qxg6 Rxf2 26. Rd1 Qf6
27. Qe8+ Bf8 28. Qxb5 Rxg2 29. Rf1 Qg7 30. Qd3 Bc5 31. Qd8+ Bf8 32. Qe8 Rg1 33.
Qxe6+ Kh8 34. Qe1 Rxf1 35. Qxf1 Bd6 36. Qf2 Qe5 37. h3 Qf4 38. Qe2 Qe5 39. Qd1
Kg7 40. a4 Kf8 41. Bb3 Qf5+ 42. Ka2 Bc5 43. Qd8+ Kg7 44. Qg8+ Kf6 45. Qh8+ Kg6
46. Bg8 Qf8 47. Bh7+ 1/2-1/2

[Event "4NCL/Div2b/WWKS1 vs. BRI1"]
[Site "Hinckley Island ENG"]
[Date "2010.01.17"]
[Round "4.6"]
[White "Curtis, John E"]
[Black "Webster, Paul"]
[Result "1/2-1/2"]
[WhiteElo "2106"]
[BlackElo "2106"]
[PlyCount "66"]
[EventDate "2010.01.17"]
[EventRounds "11"]
[EventCountry "ENG"]
[SourceDate "2009.10.24"]

1. d4 Nf6 2. Nf3 g6 3. Nc3 d5 4. Bf4 Bg7 5. e3 O-O 6. Be2 Nh5 7. Bg5 Bf6 8.
Bxf6 exf6 9. Nd2 Ng7 10. O-O f5 11. Bf3 Be6 12. Na4 Nd7 13. c4 Nb6 14. Nc5 Rb8
15. cxd5 Bxd5 16. Bxd5 Nxd5 17. Nf3 Ne6 18. Rc1 Nxc5 19. Rxc5 c6 20. Ne5 f6 21.
Nd3 Re8 22. Qb3 Kh8 23. g3 g5 24. Re1 Qd7 25. Nb4 Nxb4 26. Qxb4 f4 27. exf4
gxf4 28. Rcc1 Qh3 29. Rxe8+ Rxe8 30. Re1 Rxe1+ 31. Qxe1 Qd7 32. Qe4 fxg3 33.
hxg3 Kg7 1/2-1/2

[Event "4NCL/Div2b/WWKS1 vs. BRI1"]
[Site "Hinckley Island ENG"]
[Date "2010.01.17"]
[Round "4.7"]
[White "Clarke, Brandon GI"]
[Black "Bennett, Dominic"]
[Result "1-0"]
[WhiteElo "2039"]
[BlackElo "2098"]
[PlyCount "79"]
[EventDate "2010.01.17"]
[EventRounds "11"]
[EventCountry "ENG"]
[SourceDate "2009.10.24"]

1. d4 Nf6 2. c4 g6 3. Nc3 d5 4. cxd5 Nxd5 5. e4 Nxc3 6. bxc3 Bg7 7. Bc4 c5 8.
Ne2 Nc6 9. Be3 O-O 10. O-O Na5 11. Bd3 b6 12. Qd2 e5 13. d5 f5 14. f3 f4 15.
Bf2 h5 16. c4 g5 17. Nc1 Rf7 18. Rb1 g4 19. Kh1 Bd7 20. Be2 Kh7 21. Nb3 Nb7 22.
a4 Bh6 23. Qb2 Qf6 24. a5 Rg7 25. fxg4 hxg4 26. g3 f3 27. Bd3 Rg6 28. Ra1 Rc8
29. axb6 axb6 30. Ra7 Rc7 31. Nxc5 Bc8 32. Nxb7 Rxb7 33. Rxb7+ Bxb7 34. c5 Bg5
35. c6 Bc8 36. Qxb6 Qg7 37. Ra1 Rh6 38. Ra7 Be7 39. Qc7 Rxh2+ 40. Kxh2 1-0

[Event "4NCL/Div2b/GUI3 vs. CHED"]
[Site "Hinckley Island ENG"]
[Date "2010.01.17"]
[Round "4.1"]
[White "Shepley, Julien M"]
[Black "Gormally, Daniel W"]
[Result "0-1"]
[WhiteElo "2022"]
[BlackElo "2479"]
[PlyCount "88"]
[EventDate "2010.01.17"]
[EventRounds "11"]
[EventCountry "ENG"]
[SourceDate "2009.10.24"]

1. d4 Nf6 2. Bg5 Ne4 3. Bf4 c5 4. f3 Qa5+ 5. c3 Nf6 6. Nd2 cxd4 7. Nb3 Qd8 8.
cxd4 d5 9. e4 dxe4 10. fxe4 Nxe4 11. Bd3 Nf6 12. Nf3 Nc6 13. O-O g6 14. Qd2 Bg7
15. Bh6 O-O 16. Rae1 Be6 17. Rxe6 fxe6 18. Bc4 Ne8 19. Bxe6+ Kh8 20. Ng5 Rxf1+
21. Kxf1 Nd6 22. Bxg7+ Kxg7 23. d5 Qf8+ 24. Bf7 Ne4 25. Ne6+ Kh8 26. Qf4 g5 27.
Qf5 Nd6 28. Nxf8 Nxf5 29. dxc6 Rxf8 30. cxb7 Nd6 31. b8=Q Rxb8 32. Be6 Kg7 33.
Ke2 Kf6 34. Bd5 e6 35. Bf3 Nc4 36. Be4 h5 37. Bc2 Rd8 38. Bd3 Nxb2 39. Bc2 Na4
40. Nd2 Nc3+ 41. Ke3 Nd5+ 42. Kf2 Nb4 43. Ne4+ Ke5 44. Bb1 Rd1 0-1

[Event "4NCL/Div2b/GUI3 vs. CHED"]
[Site "Hinckley Island ENG"]
[Date "2010.01.17"]
[Round "4.2"]
[White "Arkell, Keith C"]
[Black "Eckloff, Colin"]
[Result "1-0"]
[WhiteElo "2478"]
[BlackElo "2100"]
[PlyCount "39"]
[EventDate "2010.01.17"]
[EventRounds "11"]
[EventCountry "ENG"]
[SourceDate "2009.10.24"]

1. d4 Nf6 2. Nf3 g6 3. c4 Bg7 4. g3 O-O 5. Bg2 d6 6. O-O Nbd7 7. d5 a5 8. Nd4
Nc5 9. Nc3 e5 10. dxe6 fxe6 11. h3 Nfd7 12. Be3 c6 13. Na4 Qe7 14. Rc1 h6 15.
Nxc5 dxc5 16. Nf3 Kh7 17. Qc2 Nb8 18. Nh4 Qf6 19. Bxc5 Rd8 20. Nxg6 1-0

[Event "4NCL/Div2b/GUI3 vs. CHED"]
[Site "Hinckley Island ENG"]
[Date "2010.01.17"]
[Round "4.3"]
[White "Roset, Christophe"]
[Black "Eggleston, David J"]
[Result "1-0"]
[WhiteElo "2056"]
[BlackElo "2368"]
[PlyCount "81"]
[EventDate "2010.01.17"]
[EventRounds "11"]
[EventCountry "ENG"]
[SourceDate "2009.10.24"]

1. e4 c5 2. g3 Nc6 3. Bg2 g6 4. Nf3 Bg7 5. O-O d6 6. d3 e5 7. Nc3 Nge7 8. a4
O-O 9. Nd2 f5 10. f4 fxe4 11. fxe5 Rxf1+ 12. Qxf1 d5 13. dxe4 d4 14. Qc4+ Kh8
15. Nd5 b6 16. Nf3 Be6 17. Bg5 Qd7 18. Bxe7 Nxe7 19. Ng5 Bh6 20. Nxe6 Qxe6 21.
a5 Re8 22. Nxb6 Nc6 23. Qxe6 Rxe6 24. Nd7 Nb4 25. c3 Nc2 26. Rd1 Re7 27. e6
Be3+ 28. Kh1 c4 29. cxd4 Nxd4 30. Bf1 Rxe6 31. Bxc4 Rxe4 32. Rf1 Nf5 33. b3 Rd4
34. Ne5 Re4 35. Nc6 Nd6 36. Bd5 Re8 37. Rf6 Ne4 38. Rf7 Nd6 39. Rd7 Nb5 40. Nd8
a6 41. Nf7+ 1-0

[Event "4NCL/Div2b/GUI3 vs. CHED"]
[Site "Hinckley Island ENG"]
[Date "2010.01.17"]
[Round "4.4"]
[White "Bellin, Robert"]
[Black "Higgs, Anthony RJ"]
[Result "1-0"]
[WhiteElo "2388"]
[BlackElo "1967"]
[PlyCount "55"]
[EventDate "2010.01.17"]
[EventRounds "11"]
[EventCountry "ENG"]
[SourceDate "2009.10.24"]

1. Nf3 e6 2. d4 d5 3. e3 Nf6 4. Bd3 Bd6 5. O-O c6 6. Nbd2 Nbd7 7. Re1 O-O 8. e4
dxe4 9. Nxe4 Be7 10. c3 Qc7 11. Bg5 b6 12. Qc2 h6 13. Bh4 Bb7 14. Bg3 Qd8 15.
Nd6 Bxd6 16. Bxd6 Re8 17. Qe2 Nf8 18. Bg3 Rc8 19. Rad1 b5 20. Bh4 N8d7 21. Ne5
Qb6 22. c4 a6 23. Bb1 g5 24. c5 Qd8 25. Bg3 Nf8 26. h4 Nd5 27. Qh5 Qf6 28. Ng4
1-0

[Event "4NCL/Div2b/GUI3 vs. CHED"]
[Site "Hinckley Island ENG"]
[Date "2010.01.17"]
[Round "4.5"]
[White "Bryant, Richard BE"]
[Black "Hawkins, Jonathan"]
[Result "0-1"]
[WhiteElo "1945"]
[BlackElo "2383"]
[PlyCount "40"]
[EventDate "2010.01.17"]
[EventRounds "11"]
[EventCountry "ENG"]
[SourceDate "2009.10.24"]

1. Nc3 Nf6 2. e4 e5 3. Nf3 Nc6 4. d4 exd4 5. Nd5 Nxe4 6. Bc4 Be7 7. O-O O-O 8.
Re1 Nf6 9. Nxe7+ Nxe7 10. Bg5 c5 11. Bxf6 gxf6 12. Bd3 d5 13. Nh4 c4 14. Rxe7
Qxe7 15. Bf5 Kh8 16. Bxc8 Rfxc8 17. Qxd4 Qe5 18. Rd1 Qxd4 19. Rxd4 Rc5 20. Nf5
Ra5 0-1

[Event "4NCL/Div2b/GUI3 vs. CHED"]
[Site "Hinckley Island ENG"]
[Date "2010.01.17"]
[Round "4.6"]
[White "Wallace, Paul A"]
[Black "Shaw, Matthew H"]
[Result "1-0"]
[WhiteElo "2238"]
[BlackElo "1956"]
[PlyCount "55"]
[EventDate "2010.01.17"]
[EventRounds "11"]
[EventCountry "ENG"]
[SourceDate "2009.10.24"]

1. e4 e6 2. d4 d5 3. Nd2 Nf6 4. e5 Nfd7 5. Bd3 c5 6. c3 Nc6 7. Ne2 cxd4 8. cxd4
f6 9. Nf4 Nxd4 10. Qh5+ Ke7 11. exf6+ Nxf6 12. Ng6+ hxg6 13. Qxh8 Kf7 14. Qh4
e5 15. Nf3 Nxf3+ 16. gxf3 Bf5 17. Bxf5 gxf5 18. Bg5 Qb6 19. O-O Rc8 20. Rac1
Rxc1 21. Rxc1 Be7 22. Bxf6 Bxf6 23. Qh5+ Ke6 24. Qe8+ Kd6 25. Qb8+ Kd7 26. b4
Qxb4 27. Rc7+ Ke6 28. Qc8+ 1-0

[Event "4NCL/Div2b/GUI3 vs. CHED"]
[Site "Hinckley Island ENG"]
[Date "2010.01.17"]
[Round "4.7"]
[White "Gibbs, Daniel C"]
[Black "Bennett, Patrick J"]
[Result "0-1"]
[WhiteElo "1869"]
[BlackElo "2087"]
[PlyCount "36"]
[EventDate "2010.01.17"]
[EventRounds "11"]
[EventCountry "ENG"]
[SourceDate "2009.10.24"]

1. d4 g6 2. Nf3 Nf6 3. c4 Bg7 4. Nc3 O-O 5. e4 d6 6. h3 Nbd7 7. Bg5 c6 8. Be2
e5 9. d5 cxd5 10. cxd5 Qb6 11. a3 Nc5 12. Nd2 Bd7 13. b4 Na6 14. O-O Rfc8 15.
Qb3 h6 16. Be3 Qd8 17. Bb5 Rxc3 18. Qxc3 Bxb5 0-1

[Event "4NCL/Div2b/CELT1 vs. PPA2"]
[Site "Hinckley Island ENG"]
[Date "2010.01.17"]
[Round "4.2"]
[White "Goodger, Martyn"]
[Black "Maciol, Ryszard"]
[Result "1/2-1/2"]
[WhiteElo "2147"]
[BlackElo "2245"]
[PlyCount "127"]
[EventDate "2010.01.17"]
[EventRounds "11"]
[EventCountry "ENG"]
[SourceDate "2009.10.24"]

1. e4 e6 2. d4 d5 3. e5 c5 4. c3 Qb6 5. Nf3 Bd7 6. a3 Bb5 7. b4 cxb4 8. Bxb5+
Qxb5 9. cxb4 a5 10. Nc3 Qc6 11. Bd2 axb4 12. axb4 Rxa1 13. Qxa1 Qa6 14. Qxa6
Nxa6 15. b5 Nc7 16. Ke2 Ne7 17. Ra1 Nc8 18. Ne1 Bb4 19. Rb1 Bxc3 20. Bxc3 b6
21. Nc2 Kd7 22. Kd3 Na7 23. Na3 Ra8 24. Rb3 f6 25. Bd2 Nc8 26. Bf4 Ne7 27. exf6
gxf6 28. Bxc7 Kxc7 29. Nc2 Ra2 30. Kc3 Nf5 31. Ra3 Rxa3+ 32. Nxa3 Nd6 33. Kd3
Kd7 34. f4 h5 35. g3 Ke7 36. Ke2 Ne4 37. Nb1 Kf7 38. Kf3 Kg6 39. Ke3 Kf5 40.
Kf3 e5 41. dxe5 fxe5 42. fxe5 Kxe5 43. Ke3 d4+ 44. Kd3 Nc5+ 45. Ke2 Kd5 46. Nd2
Nd7 47. h3 Ne5 48. h4 Nc4 49. Nf3 Nd6 50. Nh2 Kc4 51. g4 d3+ 52. Kd1 hxg4 53.
Nxg4 Nxb5 54. h5 Nc3+ 55. Kd2 Ne4+ 56. Ke3 Ng3 57. Ne5+ Kc3 58. Nxd3 Nxh5 59.
Ne5 b5 60. Nc6 Ng3 61. Kf3 Nf5 62. Ke4 Nd6+ 63. Ke5 Nb7 64. Kd5 1/2-1/2

[Event "4NCL/Div2b/CELT1 vs. PPA2"]
[Site "Hinckley Island ENG"]
[Date "2010.01.17"]
[Round "4.3"]
[White "Mueller, Jan"]
[Black "Winfridsson, Ola"]
[Result "0-1"]
[WhiteElo "2165"]
[BlackElo "2133"]
[PlyCount "58"]
[EventDate "2010.01.17"]
[EventRounds "11"]
[EventCountry "ENG"]
[SourceDate "2009.10.24"]

1. d4 Nf6 2. Bg5 d5 3. Nc3 Nbd7 4. Nf3 g6 5. e3 Bg7 6. Bd3 O-O 7. O-O c5 8. Re1
b6 9. e4 c4 10. Bf1 dxe4 11. Nd2 h6 12. Bh4 Bb7 13. Bxc4 Rc8 14. Bb3 Nb8 15.
Ndxe4 g5 16. Bg3 Nxe4 17. Nxe4 Qxd4 18. Qh5 Bxe4 19. Rad1 Qxb2 20. Rxe4 Nc6 21.
h4 Qf6 22. Rd5 Rcd8 23. Rxd8 Rxd8 24. hxg5 hxg5 25. f4 Qf5 26. Re1 Bd4+ 27. Kh2
Kg7 28. Bxf7 Rh8 29. fxg5 Qxf7 0-1

[Event "4NCL/Div2b/CELT1 vs. PPA2"]
[Site "Hinckley Island ENG"]
[Date "2010.01.17"]
[Round "4.4"]
[White "Rosen, Daniel B"]
[Black "Pedersen, Carsten"]
[Result "1/2-1/2"]
[WhiteElo "2137"]
[BlackElo "2155"]
[PlyCount "41"]
[EventDate "2010.01.17"]
[EventRounds "11"]
[EventCountry "ENG"]
[SourceDate "2009.10.24"]

1. e4 e6 2. d4 d5 3. Nc3 Nf6 4. Bg5 Be7 5. e5 Nfd7 6. Bxe7 Qxe7 7. f4 O-O 8.
Nf3 c5 9. dxc5 Qxc5 10. Qd4 Nc6 11. Qxc5 Nxc5 12. O-O-O a6 13. Bd3 b5 14. Ne2
b4 15. Ned4 Nxd4 16. Nxd4 a5 17. Rhf1 Ba6 18. Rf2 Rfc8 19. Kd2 a4 20. Ke3 Re8
21. g3 1/2-1/2

[Event "4NCL/Div2b/CELT1 vs. PPA2"]
[Site "Hinckley Island ENG"]
[Date "2010.01.17"]
[Round "4.5"]
[White "Kemp, Peter D"]
[Black "Kemp, Paul R"]
[Result "1/2-1/2"]
[WhiteElo "2164"]
[BlackElo "2109"]
[PlyCount "40"]
[EventDate "2010.01.17"]
[EventRounds "11"]
[EventCountry "ENG"]
[SourceDate "2009.10.24"]

1. d4 d5 2. c4 c6 3. Nf3 Nf6 4. e3 e6 5. Nc3 Nbd7 6. Qc2 Bd6 7. Be2 O-O 8. O-O
dxc4 9. Bxc4 e5 10. dxe5 Nxe5 11. Nxe5 Bxe5 12. h3 Qe7 13. Bd2 Be6 14. Bd3 Rad8
15. Rfd1 h6 16. Be1 Qc5 17. b3 Rd7 18. Rac1 Rfd8 19. Qe2 Qa3 20. Bb1 Rxd1
1/2-1/2

[Event "4NCL/Div2b/CELT1 vs. PPA2"]
[Site "Hinckley Island ENG"]
[Date "2010.01.17"]
[Round "4.6"]
[White "Bailey, Kevin J"]
[Black "French, Angus J"]
[Result "1-0"]
[WhiteElo "2083"]
[BlackElo "2099"]
[PlyCount "91"]
[EventDate "2010.01.17"]
[EventRounds "11"]
[EventCountry "ENG"]
[SourceDate "2009.10.24"]

1. d4 d5 2. c4 c6 3. Nc3 dxc4 4. e4 b5 5. a4 b4 6. Nce2 Nf6 7. Ng3 e5 8. Nf3
exd4 9. Qxd4 Qxd4 10. Nxd4 Bc5 11. Ndf5 O-O 12. f3 Be6 13. Be3 Nbd7 14. Rc1 c3
15. bxc3 b3 16. Rb1 Bxe3 17. Nxe3 Nc5 18. a5 Rab8 19. Bc4 Bxc4 20. Nxc4 Nd3+
21. Ke2 Nf4+ 22. Kf2 Rfd8 23. Ne2 Nd3+ 24. Ke3 Nd7 25. Rhd1 N7e5 26. Nxe5 Nxe5
27. Rxd8+ Rxd8 28. Rxb3 Nc4+ 29. Kf2 Nxa5 30. Ra3 Nc4 31. Rxa7 g5 32. Nd4 c5
33. Nf5 Ne5 34. Re7 Nd3+ 35. Kg3 Nf4 36. h4 Ne2+ 37. Kg4 gxh4 38. Kxh4 Nxc3 39.
Kg5 Rc8 40. Nh6+ Kg7 41. Rxf7+ Kh8 42. e5 c4 43. e6 Rc5+ 44. Nf5 Kg8 45. Rg7+
Kh8 46. Rd7 1-0